|
|
|
|
| LEADER |
02034nam a2200325 a 4500 |
| 001 |
c000164247 |
| 003 |
CARM |
| 005 |
20000917192339.0 |
| 008 |
940304s1994 enkacfg b 001 0deng d |
| 010 |
|
|
|a 95120770 /MN/r98
|
| 015 |
|
|
|a GB94-20663
|
| 019 |
1 |
|
|a 10817990
|z 40674940
|z 47689989
|z 56518286
|5 LACONCORD2021
|
| 020 |
|
|
|a 0571164501
|c £25.00
|
| 020 |
|
|
|a 0571164501
|
| 035 |
|
|
|a (OCoLC)30072677
|5 LACONCORD2021
|
| 040 |
|
|
|a TOC
|b eng
|c TOC
|
| 042 |
|
|
|a lccopycat
|
| 050 |
0 |
0 |
|a ML410.L965
|b R27 1994
|
| 082 |
0 |
0 |
|a 780/.92
|2 20
|
| 100 |
1 |
|
|a Rae, Charles Bodman,
|d 1955-
|
| 245 |
1 |
4 |
|a The music of Lutosławski /
|c Charles Bodman Rae.
|
| 260 |
|
|
|a London :
|b Faber,
|c 1994.
|
| 300 |
|
|
|a xvi, 288 p., [8] p. of plates :
|b ill., ports., music ;
|c 24 cm.
|
| 500 |
|
|
|a Includes list of composer's works and index.
|
| 504 |
|
|
|a Bibliography: p. 278-282.
|
| 505 |
0 |
|
|a 1. Formative Years (1913-1945): Sonata for piano, Symphonic Variations -- 2. Functional Music and Formalism (1945-1956): Symphony no. 1, Concerto for Orchestra, Dance Preludes -- 3. Sound Language and Harmony (1956-1960): Five (Illakowicz) Songs, Musique funebre, Postludes -- 4. Chance and Polyphony (1960-1968): Jeux venitiens, Trois poemes d'Henri Michaux, String Quartet, Paroles tissees, Symphony no. 2, Livre pour orchestre -- 5. Mastery of a Mature Language (1969-1979): Cello Concerto, Preludes and Fugue, Les espaces du sommeil, Mi-Parti, Novelette -- 6. Emergence of the Late Style (1979-1983): Epitaph, Double Concerto, Grave, Symphony no. 3, Chain 1 -- 7. Concertos and Chains (1984-1986): Partita, Interlude, Chain 2, Chain 3 -- 8. Catching up with Arrears (1987-1993): Piano Concerto, Chantefleurs et Chantefables, Symphony no. 4.
|
| 600 |
1 |
0 |
|a Lutosławski, Witold,
|d 1913-
|x Criticism and interpretation.
|
| 852 |
8 |
|
|b CARM
|h A2:AL20D0
|i C05349
|p 0212559
|f BK
|
| 999 |
f |
f |
|i 80d16aba-30f3-5a58-8264-8da8ceabe038
|s 35430266-20ce-5fb1-acb5-341ca5f482f6
|
| 952 |
f |
f |
|p Can circulate
|a CAVAL
|b CAVAL
|c CAVAL
|d CARM 1 Store
|e C05349
|f A2:AL20D0
|h Other scheme
|i book
|m 0212559
|